Rock Bands by Members' First Names #2 - Statistics

General Stats
  • This quiz has been taken 85 times
  • The average score is 9 of 20
Answer Stats
Names Years Applicable Answer % Correct
Axl, Duff, Izzy, Slash, Steve 1985-1991 Guns 'N' Roses
94%
Anthony, Chad, Flea, John 1988-1992,1998-2009, 2019-Present Red Hot Chili Peppers
84%
Mick, Nikki, Tommy, Vince 1981-1992, 1996-1999, 2004-2015, 2018-2023 Mötley Crüe
74%
Jack, Meg 1997-2011 The White Stripes
71%
Alex, David, Eddie, Michael 1974-1985, 1996, 2006-2020 Van Halen
69%
Dee Dee, Joey, Johnny, Tommy 1974-1978 The Ramones
64%
David, Nick, Richard, Roger 1967-1985, 2005 Pink Floyd
60%
Brad, Joe, Joey, Steven, Tom 1971-1981, 1984-Present Aerosmith
44%
Jim, John, Ray, Robby 1965-1971 The Doors
42%
Adrian, Bruce, Dave, Janick, Nicko, Steve 1990-1993, 1999-Present Iron Maiden
36%
Billy, D'arcy, James, Jimmy 1988-1996, 1999 The Smashing Pumpkins
30%
Bob, Jeff, George, Roy, Tom 1988 Traveling Wilburys
30%
Cherie, Jackie, Joan, Lita, Sandy 1976-1977 The Runaways
29%
Joe, Phil, Rick, Rick, Steve 1982-1991 Def Leppard
26%
Bill, Michael, Mike, Peter 1980-1997, 2024, 2025 R.E.M.
23%
Chris, Corey, Craig, Jim, Joey, Mick, Paul, Shawn, Sid 1999-2010 Slipknot
23%
Johnny, Kris, Waylon, Willie 1985-1996 The Highwaymen
21%
Dexter, Greg, Noodles, Ron 1987-2003 The Offspring
19%
Dave, David, Marty, Nick 1990-1998 Megadeth
9%
Brian, Mark, Scott, Scott 1995-2000, 2009-2012, 2023-Present Creed
6%
No matching quizzes found
Score Distribution
Percent of People with Each Score
Percentile by Number Answered
Your Score History
You have not taken this quiz